LEADER 01274nam a2200349 i 4500 001 991002248869707536 007 cr nn 008mamaa 008 121227s1994 de s |||| 0|eng d 020 $a9783540485940 035 $ab14144384-39ule_inst 040 $aBibl. Dip.le Aggr. Matematica e Fisica - Sez. Matematica$beng 082 04$a515$223 084 $aAMS 34E05 084 $aAMS 34A25 084 $aAMS 34A34 084 $aAMS 30B10 084 $aAMS 30E15 084 $aAMS 44A10 100 1 $aBalser, Werner$060686 245 10$aFrom divergent power series to analytic functions$h[e-book] :$btheory and application of multisummable power series /$cby Werner Balser 260 $aBerlin :$bSpringer,$c1994 300 $a1 online resource (x, 108 p.) 440 0$aLecture notes in mathematics,$x0075-8434 ;$v1582 650 0$aGlobal analysis (Mathematics) 650 0$aMathematical physics 773 0 $aSpringer eBooks 856 40$uhttp://dx.doi.org/10.1007/BFb0073564$zAn electronic book accessible through the World Wide Web 907 $a.b14144384$b03-03-22$c05-09-13 912 $a991002248869707536 996 $aFrom divergent power series to analytic functions$978717 997 $aUNISALENTO 998 $ale013$b05-09-13$cm$d@ $e-$feng$gde $h0$i0 LEADER 01072nam 2200361 450 001 9910807716803321 005 20230823002106.0 010 $a981-14-7962-3 035 $a(CKB)4100000011675595 035 $a(MiAaPQ)EBC6454133 035 $a(EXLCZ)994100000011675595 100 $a20210311d2020 uy 0 101 0 $aeng 135 $aurcnu|||||||| 181 $ctxt$2rdacontent 182 $cc$2rdamedia 183 $acr$2rdacarrier 200 00$aAdvances in Legume Research$iPhysiological responses and genetic improvement for stress resistance. $eVolume 1. /$fedited by Phetole Mangena 210 1$aSingapore :$cBetham Books,$d[2020] 210 4$dİ2020 215 $a1 online resource (iv, 183 pages) 311 $a981-14-7960-7 606 $aLegumes$xBiotechnology 615 0$aLegumes$xBiotechnology. 676 $a633.304233 702 $aMangena$b Phetole 801 0$bMiAaPQ 801 1$bMiAaPQ 801 2$bMiAaPQ 906 $aBOOK 912 $a9910807716803321 996 $aAdvances in Legume Research$93995816 997 $aUNINA